1286 1090 1474 1322 1228 1299 1238 1587 1314 1023 1018 1946 1413 1807 1813 1398 1338 1902 1750 1300 1653 1121 1820 1607 1221 1744 1716 1781 1306 1292 1245 1218 1178 1396 1343 1906 1296 1888 1736 1250 1124 1197 1685 1969 1566 1109 1951 1396 1447 1056 1489 1788 1990 1902 1170 1683 1146 1135 1858 1822 1364 1235 1259 1443 1423 1498 1461 1697 1961 1176 1751 1425 1738 1728 1665 1019 1481 1343 1886 1447 1285 1220 1229 1196 1516 1320 1231 1163 1306 1565 1441 2000 1839 1662 1129 1032 1052 1161 1170 BCNSPRNW ULIB Ver.6.0+V

เปลี่ยนเป็นภาษาไทย

Change to English
 แสดงรายละเอียดบรรณานุกรม
  กลับหน้าหลัก

Brief Record : Get Marc (ISO 2709) : E-mail record : QR code < ปิดหน้าต่าง
LEADER : 00000nam a2200000 a 4500
001    13399128738
003     ULIB
008    220822s2565 th 000 0 tha d
020    ^a9786167150994
040    ^acl
041 1  ^atha^heng
060 04 ^aWA31^bค989ว
100 1  ^aไคลน์แมน, อาเธอร์
245 10 ^aวิญญาณของการดูแล :^bการบ่มเพาะทางศีลธรรมของแพทย์คนหนึ่ง = Thesoul of care : the moral education of a doctor /^cอาเธอร์ไคลน์แมน ; เนาวนิจ สิริผาติวิรัตน์, แปล ; สายพิณ ศุพุทธมงคล,บรรณาธิการบทแปล
246 31 ^aThe soul of care :^bthe moral education of a doctor
250    ^aพิมพ์ครั้งที่ 1
260    ^aกรุงเทพฯ :^bมูลนิธิเพื่อการศึกษาประชาธิปไตยและการพัฒนาโครงการจัดพิมพ์คบไฟ,^c2565
300    ^a(9), 228 หน้า ;^c21 ซม.
504    ^aมีบรรณานุกรม
650  4 ^aการแพทย์กับสังคม
650  4 ^aจรรยาแพทย์
650  4 ^aผู้ป่วย^xการดูแล
700 0  ^aเนาวนิจ สิริผาติวิรัตน์,^eผู้แปล
700 0  ^aสายพิณ ศุพุทธมงคล,^eบรรณาธิการบทแปล
700 12 ^aKleinman, Arthur.^tThe soul of care : the moral educationof a doctor
710 2  ^aมูลนิธิเพื่อการศึกษาประชาธิปไตยและการพัฒนา
910    ^aSend to UC-Add Symbol
945    ^p330^l0^i30195
945    ^p330^l0^i30196
995    ^aกัณชพร
999    ^aกัณชพร
รายการนี้ยังไม่มีแท็ก
คุณยังไม่ได้ล็อกอิน คุณสามารถมีกิจกรรมร่วมกับเว็บไซต์ได้ แต่ต้องล็อกอินก่อน ::
  ล็อกอิน

รายการสื่อสารสนเทศ

ลำดับที่ ประเภท เลขเรียก/บาร์โค้ด สถานที่ สถานะ
1. หนังสือสำรอง
หนังสือสำรอง
WA31 ค989ว ฉ.1 
  Barcode: 30195
ห้องสมุดวิทยาเขตนครสวรรค์
►หนังสือทั่วไป:l:General Books
บนชั้น
2. วิทยาศาสตร์การแพทย์ และสุขภาพ
วิทยาศาสตร์การแพทย์ และสุขภาพ
WA31 ค989ว ฉ.2 
  Barcode: 30196
ห้องสมุดวิทยาเขตนครสวรรค์
►หนังสือทั่วไป:l:General Books
บนชั้น

รายการใกล้เคียง
    ผู้แต่ง [ไคลน์แมน, อาเธอร์]

    หัวเรื่อง [การแพทย์กับสังคม]
    หัวเรื่อง [จรรยาแพทย์]
    หัวเรื่อง [ผู้ป่วย การดูแล]

BibComment


ยังไม่เคยถูกคอมเมนท์

คอมเมนท์ทรัพยากรรายการนี้
  คอมเมนท์: วิญญาณของการดูแล..


 Copyright 2026. Bcnsprnw @Library